Možnosti znižovania napätia na trhu práce.

Vplyv systémových a štruktúrnych zmien na trhu práce a politiku zamestnanosti v SR. Regulácia trhu práce zo strany štátu. Potreba riešenia problémov nezamestnanosti z hľadiska ich sociálno-právnej závažnosti. Riešenie legislatívnych úprav zvýhodňujúcich zamestnávateľov pri zamestnávaní mladých ľudí....

Description complète

Enregistré dans:
Détails bibliographiques
Auteur principal: Barancová, Helena
Format: Chapitre de livre
Langue:slovaque
Sujets:
Tags: Ajouter un tag
Pas de tags, Soyez le premier à ajouter un tag!

MARC

LEADER 00000naa a2200000 4500
001 r013269
005 20221213123138.2
041 0 |a slo 
044 |a SK 
245 1 0 |a Možnosti znižovania napätia na trhu práce.  |c Helena Barancová 
520 |a Vplyv systémových a štruktúrnych zmien na trhu práce a politiku zamestnanosti v SR. Regulácia trhu práce zo strany štátu. Potreba riešenia problémov nezamestnanosti z hľadiska ich sociálno-právnej závažnosti. Riešenie legislatívnych úprav zvýhodňujúcich zamestnávateľov pri zamestnávaní mladých ľudí. Potrebné legislatívne zmeny pre znižovanie napätia na trhu práce u zamestnancov v preddôchodkovom veku a u žien s maloletými deťmi. Riešenie dlhodobej nezamestnanosti. 
610 2 0 |a trh práce 
610 2 0 |a zamestnanosť 
610 2 0 |a Slovensko 
610 2 0 |a legislatíva 
610 2 0 |a nezamestnanosť 
610 2 0 |a pracovníci mladí 
610 2 0 |a ženy 
100 1 |a Barancová, Helena